[Event "II Magistral Copa Roggio C"]
[Site "?"]
[Date "2009.07.01"]
[Round "4"]
[White "Rivarola, Paul"]
[Black "Vazquez, Guillermo"]
[Result "0-1"]
[WhiteElo "1560"]
[BlackElo "1837"]
[PlyCount "86"]
[EventDate "2009.06.28"]
[SourceDate "2009.07.01"]

1. d4 Nf6 2. c4 g6 3. Nc3 Bg7 4. e4 d6 5. f4 c5 6. Nf3 O-O 7. Bd3 cxd4 8. Nxd4
Qb6 9. Nce2 e5 10. Nf3 Ng4 11. Rf1 f5 12. h3 fxe4 13. Bxe4 Nf6 14. fxe5 Nxe4
15. Qd5+ Kh8 16. Qxe4 dxe5 17. Nxe5 Qa5+ 18. Bd2 Rxf1+ 19. Kxf1 Qxe5 20. Qxe5
Bxe5 21. Rd1 Nc6 22. b4 Be6 23. b5 Ne7 24. Rc1 Rc8 25. c5 Bxa2 26. Nc3 Bc4+ 27.
Kg1 Rxc5 28. Be3 Rc8 29. Bxa7 Bxb5 30. Re1 Bxc3 31. Rxe7 Bc6 32. Bb6 Ra8 33.
Rc7 Ra1+ 34. Kf2 Ra2+ 35. Ke3 Rxg2 36. Rc8+ Kg7 37. Rc7+ Kh6 38. Kd3 Bf6 39.
Rf7 Rg3+ 40. Ke2 Bg7 41. Be3+ g5 42. h4 Kg6 43. Re7 gxh4 0-1

[Event "II Magistral Copa Roggio C"]
[Site "?"]
[Date "2009.07.01"]
[Round "4"]
[White "Moreno, Micaela"]
[Black "Chaves, Nicolas"]
[Result "0-1"]
[WhiteElo "1554"]
[BlackElo "1650"]
[PlyCount "104"]
[EventDate "2009.06.28"]
[SourceDate "2009.07.01"]

1. e4 e6 2. d4 d5 3. e5 c5 4. c3 Qb6 5. dxc5 Bxc5 6. Qc2 Bd7 7. Nf3 Bb5 8.
Bxb5+ Qxb5 9. Nbd2 Ne7 10. Nb3 Bb6 11. Nbd4 Qd7 12. Bd2 Nbc6 13. O-O Ng6 14.
Rfe1 O-O 15. Rad1 Rac8 16. Qd3 Bc7 17. Nxc6 Qxc6 18. Re2 Bb8 19. Rde1 Qc4 20.
Qxc4 Rxc4 21. Be3 Ra4 22. b3 Ra6 23. Bd4 Rc8 24. Rc1 Ne7 25. Ne1 Nf5 26. Nd3
Nxd4 27. cxd4 Rxc1+ 28. Nxc1 Rc6 29. Nd3 Bc7 30. Nc5 Bb6 31. b4 a5 32. a3 axb4
33. axb4 Bxc5 34. bxc5 Ra6 35. Kf1 Kf8 36. Rb2 Ra7 37. Ke1 Ke7 38. Kd1 Kd7 39.
Kc1 Kc7 40. Kb1 Ra4 41. Rd2 Rc4 42. Kb2 Kc6 43. Rd3 Kb5 44. Rb3+ Rb4 45. Kc3
Rxb3+ 46. Kxb3 f6 47. f4 f5 48. h3 h6 49. g4 fxg4 50. f5 exf5 51. hxg4 fxg4 52.
e6 Kc6 0-1

[Event "II Magistral Copa Roggio C"]
[Site "?"]
[Date "2009.07.02"]
[Round "5"]
[White "Almiron, Antonio"]
[Black "Chang, Suzana"]
[Result "1-0"]
[WhiteElo "2083"]
[BlackElo "2060"]
[PlyCount "85"]
[EventDate "2009.06.28"]
[SourceDate "2009.07.02"]

1. e4 c5 2. Nf3 d6 3. d4 cxd4 4. Nxd4 Nf6 5. Nc3 a6 6. Bg5 Nbd7 7. f4 e6 8. Qf3
Be7 9. Bc4 h6 10. Bh4 g5 11. fxg5 Ne5 12. Qe2 Nfg4 13. Nf3 Nxf3+ 14. gxf3 Ne5
15. Bb3 hxg5 16. Bg3 Qc7 17. O-O-O Bd7 18. Kb1 O-O-O 19. a4 Bc6 20. Rhf1 Ng6
21. Qe3 Bf6 22. Ne2 Rh7 23. Nd4 Qb6 24. Qc3 Nf4 25. Rfe1 Be5 26. a5 Qc7 27. Qb4
Kb8 28. Re3 Ka8 29. Nxc6 Qxc6 30. Ba4 Qc7 31. Rb3 Rhh8 32. Rd2 f6 33. c4 Rc8
34. Ka2 Rh7 35. Bf2 Ng6 36. Rc2 Ne7 37. Bb6 Nc6 38. Qe1 Qe7 39. Bg1 Nd4 40. Qf2
Qc7 41. Ra3 Qc5 42. Rd2 Nxf3 43. Rxf3 1-0

[Event "II Magistral Copa Roggio C"]
[Site "?"]
[Date "2009.07.02"]
[Round "5"]
[White "Sartori, Sergio"]
[Black "Saldana, Fernando"]
[Result "1-0"]
[WhiteElo "2051"]
[BlackElo "1835"]
[PlyCount "61"]
[EventDate "2009.06.28"]
[SourceDate "2009.07.02"]

1. e4 d5 2. Nc3 dxe4 3. Nxe4 g6 4. Nf3 Bg7 5. Bc4 Nf6 6. Nxf6+ Bxf6 7. d4 Nc6
8. c3 O-O 9. Bh6 Re8 10. Ng5 e6 11. Qd2 Ne7 12. Ne4 Nd5 13. Nxf6+ Qxf6 14.
O-O-O Bd7 15. h4 a6 16. h5 b5 17. Bd3 b4 18. hxg6 fxg6 19. c4 Ne7 20. Bf4 Qxd4
21. Rxh7 Nf5 22. Rdh1 Re7 23. Rh8+ Qxh8 24. Rxh8+ Kxh8 25. Be5+ Kh7 26. g4 c5
27. Qg5 Rae8 28. gxf5 exf5 29. Qh4+ Kg8 30. Qh8+ Kf7 31. Qg7+ 1-0

[Event "II Magistral Copa Roggio C"]
[Site "?"]
[Date "2009.07.02"]
[Round "5"]
[White "Lipiniks, Leonardo"]
[Black "Roman, Rodrigo"]
[Result "1/2-1/2"]
[WhiteElo "1892"]
[BlackElo "1848"]
[PlyCount "22"]
[EventDate "2009.06.28"]
[SourceDate "2009.07.02"]

1. e4 e6 2. d4 d5 3. e5 c5 4. c3 Nc6 5. Nf3 Qb6 6. Be2 Nh6 7. O-O cxd4 8. cxd4
Nf5 9. Nc3 Nfxd4 10. Be3 Nxe2+ 11. Qxe2 Qd8 1/2-1/2

[Event "II Magistral Copa Roggio C"]
[Site "?"]
[Date "2009.07.02"]
[Round "5"]
[White "Perez, Hernan"]
[Black "Vazquez, Guillermo"]
[Result "1-0"]
[WhiteElo "1971"]
[BlackElo "1837"]
[PlyCount "105"]
[EventDate "2009.06.28"]
[SourceDate "2009.07.02"]

1. e4 e6 2. d3 d5 3. Nd2 c5 4. Ngf3 Nf6 5. g3 Nc6 6. Bg2 b6 7. O-O Bb7 8. Re1
Be7 9. c3 Qc7 10. a3 O-O-O 11. Qe2 Ba6 12. e5 Nd7 13. b4 g5 14. h3 h5 15. g4
hxg4 16. hxg4 Rh6 17. Nf1 Rdh8 18. Bd2 Bb7 19. Ng3 Ndxe5 20. Nxe5 Nxe5 21. Qxe5
Bd6 22. Qxg5 Bxg3 23. fxg3 Qxg3 24. Qxh6 Rxh6 25. Bxh6 Qxg4 26. Ra2 Qg6 27. Be3
Qxd3 28. bxc5 bxc5 29. Bd2 Ba6 30. Rb2 d4 31. Rc1 e5 32. Kh2 c4 33. cxd4 exd4
34. Ba5 Kd7 35. Rf2 Qh7+ 36. Bh3+ Kd6 37. Rf6+ Kd5 38. Rxa6 Qh4 39. Rf1 c3 40.
Bb4 Kc4 41. Raf6 Qh5 42. R6f5 Qe2+ 43. R1f2 Qd1 44. Bg2 Qc1 45. Bd5+ Kb5 46.
Bxf7+ Kc6 47. Bd5+ Kb5 48. Bb3+ Kc6 49. Ba4+ Kb6 50. Rf6+ Kc7 51. Rf7+ Kd8 52.
Ba5+ Kc8 53. Rc7+ 1-0

[Event "II Magistral Copa Roggio C"]
[Site "?"]
[Date "2009.07.02"]
[Round "5"]
[White "Benitez, Jose"]
[Black "Alderete, Jazmin"]
[Result "1-0"]
[WhiteElo "1939"]
[BlackElo "1435"]
[PlyCount "83"]
[EventDate "2009.06.28"]
[SourceDate "2009.07.02"]

1. e4 e5 2. Nf3 d6 3. d4 exd4 4. c3 dxc3 5. Nxc3 Nc6 6. Bc4 Nf6 7. Qb3 Qe7 8.
Ng5 Ne5 9. O-O Nxc4 10. Qxc4 g6 11. Nd5 Nxd5 12. exd5 Bg7 13. Bd2 O-O 14. Rfe1
Qd8 15. Re2 Bd7 16. Rae1 h6 17. Ne4 a6 18. Qc1 Kh7 19. Bc3 Bf5 20. Bxg7 Kxg7
21. Qc3+ f6 22. Ng3 Bd7 23. Re7+ Rf7 24. Qe3 Rxe7 25. Qxe7+ Kg8 26. Qe3 Qe8 27.
Qc1 Qf8 28. Qxc7 Re8 29. Rxe8 Bxe8 30. Qxb7 Bb5 31. a4 Bc4 32. Qc6 Bd3 33. Qc3
Bb1 34. Qe3 Ba2 35. Qe6+ Kg7 36. Ne4 Bb3 37. Nxd6 Bxa4 38. f4 Kh8 39. Nf7+ Kg7
40. Nd6 Kh8 41. Kf2 Qd8 42. Nf7+ 1-0

[Event "II Magistral Copa Roggio C"]
[Site "?"]
[Date "2009.07.02"]
[Round "5"]
[White "Heinichen, John"]
[Black "Florentin, Damaso"]
[Result "1-0"]
[WhiteElo "1690"]
[BlackElo "1939"]
[PlyCount "111"]
[EventDate "2009.06.28"]
[SourceDate "2009.07.02"]

1. e4 d6 2. f4 c6 3. Nf3 Qc7 4. Bc4 e6 5. d3 Be7 6. Be3 Bf6 7. c3 d5 8. Bb3
dxe4 9. dxe4 Nd7 10. O-O g6 11. Nbd2 Nb6 12. a4 Bd7 13. a5 Nc8 14. Qe2 Bg7 15.
f5 Nge7 16. Ng5 exf5 17. Bxf7+ Kf8 18. exf5 gxf5 19. Bf4 Qd8 20. Nc4 h6 21.
Ne6+ Bxe6 22. Qxe6 Qd5 23. Rad1 Qxe6 24. Bxe6 Bf6 25. Rd7 b5 26. Ne5 Bg5 27.
Bg3 Kg7 28. Nxc6 Kf6 29. Bd5 Be3+ 30. Kh1 Nxd5 31. Rxd5 f4 32. Bxf4 Bxf4 33.
Rxf4+ Ke6 34. Re5+ Kd7 35. Nd4 Nd6 36. Rd5 Rhf8 37. g3 Rxf4 38. gxf4 Rf8 39.
Nxb5 Kc6 40. Rxd6+ Kxb5 41. Rxh6 Rxf4 42. Rh5+ Kc4 43. Rh7 Rf2 44. Rxa7 Rxb2
45. Rc7+ Kd3 46. a6 Ra2 47. a7 Ke3 48. Rf7 Kd3 49. Rc7 Ke3 50. c4 Kf3 51. Rf7+
Kg4 52. c5 Kh3 53. Rh7+ Kg4 54. c6 Kf3 55. Rf7+ Kg4 56. c7 1-0

[Event "II Magistral Copa Roggio C"]
[Site "?"]
[Date "2009.07.03"]
[Round "6"]
[White "Sartori, Sergio"]
[Black "Almiron, Antonio"]
[Result "1/2-1/2"]
[WhiteElo "2051"]
[BlackElo "2083"]
[PlyCount "107"]
[EventDate "2009.06.28"]
[SourceDate "2009.07.03"]

1. e4 e6 2. d4 c5 3. d5 exd5 4. exd5 d6 5. Nc3 Nf6 6. Nf3 Be7 7. Bd3 O-O 8. O-O
Na6 9. Bxa6 bxa6 10. Re1 Rb8 11. Rb1 h6 12. Qd3 Re8 13. Bd2 Bf8 14. Rxe8 Nxe8
15. Ne4 Bf5 16. Bc3 Nc7 17. a4 Bh7 18. Re1 Qd7 19. b3 Qf5 20. Ba5 Nxd5 21. Qxa6
Nb4 22. Qxa7 Qc8 23. Qc7 Nxc2 24. Qxc8 Rxc8 25. Re2 Nd4 26. Nxd4 cxd4 27. Ng3
Bc2 28. Bd2 Bxb3 29. a5 g6 30. Re1 Rc2 31. Nf1 Bc4 32. Rc1 Rxc1 33. Bxc1 d5 34.
Bd2 f5 35. Be1 Ba6 36. h3 Kf7 37. g4 Ke6 38. f4 Bd6 39. Bd2 fxg4 40. hxg4 Be2
41. Nh2 Bc5 42. Kf2 d3+ 43. Kg3 h5 44. Nf3 hxg4 45. Ne5 g5 46. Nxg4 gxf4+ 47.
Kxf4 Kd6 48. Nf6 Bd4 49. a6 Kc6 50. Kf5 Bd1 51. Ke6 Bb3 52. Nd7 Bc4 53. Ne5+
Kb6 54. Nxd3 1/2-1/2

[Event "II Magistral Copa Roggio C"]
[Site "?"]
[Date "2009.07.03"]
[Round "6"]
[White "Chang, Suzana"]
[Black "Heinichen, John"]
[Result "0-1"]
[WhiteElo "2060"]
[BlackElo "1690"]
[PlyCount "100"]
[EventDate "2009.06.28"]
[SourceDate "2009.07.03"]

1. b3 c5 2. Bb2 Nf6 3. f4 d5 4. Nf3 Nc6 5. e3 e6 6. Bb5 Bd6 7. Ne5 Qb6 8. Nc3
Bd7 9. Nxd7 Nxd7 10. Qg4 Rg8 11. Qh3 h6 12. Be2 O-O-O 13. f5 Ne7 14. fxe6 fxe6
15. O-O-O e5 16. Bg4 Qc6 17. Be6 d4 18. Ne2 Rgf8 19. Rhf1 Nd5 20. e4 Nb4 21. a3
Qxe4 22. axb4 Rxf1 23. Rxf1 Qxe2 24. Qf3 Qxf3 25. Rxf3 Rf8 26. bxc5 Rxf3 27.
gxf3 Bxc5 28. Kd1 Kc7 29. Bxd7 Kxd7 30. Ke2 Ke6 31. Kd3 b5 32. Ke4 a5 33. c3 a4
34. b4 dxc3 35. dxc3 Bd6 36. Bc1 Be7 37. Ba3 Bg5 38. Bb2 Bd2 39. h3 a3 40. Bxa3
Bxc3 41. h4 h5 42. f4 Be1 43. Bb2 Bxh4 44. f5+ Ke7 45. Bxe5 Bf6 46. Bf4 Bc3 47.
Kd5 Bxb4 48. Be5 Kf7 49. Kc6 h4 50. Kxb5 Be1 0-1

[Event "II Magistral Copa Roggio C"]
[Site "?"]
[Date "2009.07.03"]
[Round "6"]
[White "Perez, Hernan"]
[Black "Saldana, Fernando"]
[Result "1-0"]
[WhiteElo "1971"]
[BlackElo "1835"]
[PlyCount "71"]
[EventDate "2009.06.28"]
[SourceDate "2009.07.03"]

1. d4 Nf6 2. Nf3 d6 3. Bg5 g6 4. Nbd2 Bg7 5. e4 Nbd7 6. Bd3 b6 7. O-O O-O 8.
Re1 e5 9. c3 a5 10. a4 Ba6 11. Bxa6 Rxa6 12. Nc4 Qe7 13. Qd3 Raa8 14. Rad1 Rad8
15. b4 axb4 16. cxb4 exd4 17. Nxd4 Ra8 18. e5 dxe5 19. Nc6 Qe6 20. N4xe5 Nxe5
21. Nxe5 Rfe8 22. Kf1 Ng4 23. Nxg4 Qxg4 24. Qb5 Rxe1+ 25. Rxe1 h6 26. Be3 Rd8
27. h3 Qd7 28. Qxd7 Rxd7 29. Rc1 h5 30. a5 bxa5 31. bxa5 Rd5 32. a6 Ra5 33. a7
Be5 34. Rb1 Kg7 35. Rb8 Ra1+ 36. Ke2 1-0

[Event "II Magistral Copa Roggio C"]
[Site "?"]
[Date "2009.07.03"]
[Round "6"]
[White "Roman, Rodrigo"]
[Black "Benitez, Jose"]
[Result "1/2-1/2"]
[WhiteElo "1848"]
[BlackElo "1939"]
[PlyCount "36"]
[EventDate "2009.06.28"]
[SourceDate "2009.07.03"]

1. d4 Nf6 2. Nf3 e6 3. g3 b6 4. Bg2 Bb7 5. O-O Be7 6. c4 d6 7. Nbd2 Nbd7 8. Qc2
c5 9. e4 cxd4 10. Nxd4 O-O 11. Re1 a6 12. e5 Bxg2 13. exf6 Bxf6 14. Nxe6 fxe6
15. Kxg2 Bd4 16. Nf3 Qf6 17. Qe2 Be5 18. Bg5 Qg6 1/2-1/2

[Event "II Magistral Copa Roggio C"]
[Site "?"]
[Date "2009.07.03"]
[Round "6"]
[White "Chaves, Nicolas"]
[Black "Lipiniks, Leonardo"]
[Result "1/2-1/2"]
[WhiteElo "1650"]
[BlackElo "1892"]
[PlyCount "63"]
[EventDate "2009.06.28"]
[SourceDate "2009.07.03"]

1. e4 e5 2. Nf3 d6 3. d4 exd4 4. Nxd4 Nf6 5. Nc3 Nc6 6. Bb5 Bd7 7. O-O Nxd4 8.
Bxd7+ Qxd7 9. Qxd4 Be7 10. b3 c6 11. Ba3 b5 12. Rad1 c5 13. Bxc5 dxc5 14. Qxd7+
Nxd7 15. Nxb5 O-O-O 16. Nxa7+ Kb7 17. Nb5 Nf6 18. Nc3 Kc6 19. f3 Rd4 20. Ne2
Rxd1 21. Rxd1 Rd8 22. Rxd8 Bxd8 23. Nc1 c4 24. Kf1 Kc5 25. c3 cxb3 26. axb3 Nd7
27. Nd3+ Kd6 28. Nf4 Nc5 29. b4 Na4 30. Nd5 Nb6 31. Ne3 Kc6 32. Ke2 1/2-1/2

[Event "II Magistral Copa Roggio C"]
[Site "?"]
[Date "2009.07.03"]
[Round "6"]
[White "Alderete, Jazmin"]
[Black "Florentin, Damaso"]
[Result "1/2-1/2"]
[WhiteElo "1435"]
[BlackElo "1939"]
[PlyCount "150"]
[EventDate "2009.06.28"]
[SourceDate "2009.07.03"]

1. e4 e5 2. Nf3 Nc6 3. Nc3 d6 4. Bb5 Nge7 5. O-O Ng6 6. d3 Be7 7. Be3 O-O 8. h3
f5 9. exf5 Bxf5 10. Nd5 h6 11. Bc4 Kh7 12. Nxe7 Ncxe7 13. Ng5+ Kh8 14. Nf7+
Rxf7 15. Bxf7 Qf8 16. Bxg6 Nxg6 17. f4 e4 18. g4 Bd7 19. dxe4 Qe7 20. Qd4 Bc6
21. f5 Ne5 22. Bf4 Qh4 23. Qf2 Qxh3 24. Qg3 Qxg3+ 25. Bxg3 Nxg4 26. Rae1 Re8
27. Bh4 Ne5 28. b3 Kh7 29. Rf4 Rg8 30. Rf2 g5 31. fxg6+ Nxg6 32. Rf7+ Rg7 33.
Rxg7+ Kxg7 34. Bd8 Ne5 35. Kf1 Nf3 36. Re2 Ng5 37. e5 Ne4 38. Kg1 dxe5 39. Bxc7
Kf6 40. Re1 h5 41. Kh2 Kf5 42. Rf1+ Ke6 43. Kh3 a6 44. Rg1 Nf6 45. Rg6 Kf5 46.
Rh6 Bf3 47. Rh8 Bg4+ 48. Kg2 e4 49. Rf8 Ke6 50. Bd8 Nd5 51. Re8+ Kd7 52. Rh8 e3
53. Bh4 Nf4+ 54. Kf1 e2+ 55. Kg1 Nd5 56. Rh7+ Kc6 57. Rh6+ Kc5 58. a3 Nc3 59.
Bf2+ Kd5 60. Rb6 Bc8 61. Rh6 Bg4 62. Rb6 Nb1 63. a4 Nd2 64. Be1 Nf3+ 65. Kf2
Nd4 66. c3 Ne6 67. Rxb7 Nf4 68. Ke3 Kc6 69. Rf7 Ng2+ 70. Kf2 Nh4 71. Rf6+ Kb7
72. Rf7+ Kb6 73. Rf6+ Kb7 74. Rf7+ Kb6 75. Rf6+ Kb7 1/2-1/2

[Event "II Magistral Copa Roggio C"]
[Site "?"]
[Date "2009.07.03"]
[Round "6"]
[White "Benitez, Eduardo"]
[Black "Rivarola, Paul"]
[Result "1-0"]
[WhiteElo "1471"]
[BlackElo "1560"]
[PlyCount "65"]
[EventDate "2009.06.28"]
[SourceDate "2009.07.03"]

1. d4 d5 2. c4 e6 3. Nc3 Nf6 4. Bg5 c6 5. e3 Nbd7 6. Nf3 Be7 7. c5 b5 8. b4 a5
9. a3 Qc7 10. Bd3 e5 11. dxe5 Nxe5 12. Bf4 Nxf3+ 13. Qxf3 Qd7 14. O-O O-O 15.
h3 Qe6 16. Ne2 Ne4 17. Nd4 Qg6 18. Qe2 f5 19. Qc2 Bd7 20. f3 Ng5 21. Kh2 axb4
22. axb4 Rxa1 23. Rxa1 Qf6 24. Ra7 Bc8 25. Bxg5 Qxg5 26. Nxc6 Bf6 27. f4 Qh4
28. Bxf5 d4 29. Bxc8 Rxc8 30. Nxd4 Bxd4 31. Qf5 Rf8 32. Qd5+ Kh8 33. Qxd4 1-0

[Event "II Magistral Copa Roggio C"]
[Site "?"]
[Date "2009.07.05"]
[Round "7"]
[White "Almiron, Antonio"]
[Black "Perez, Hernan"]
[Result "0-1"]
[WhiteElo "2083"]
[BlackElo "1971"]
[PlyCount "54"]
[EventDate "2009.06.28"]
[SourceDate "2009.07.05"]

1. e4 c5 2. Nf3 d6 3. d4 cxd4 4. Nxd4 Nf6 5. Nc3 g6 6. Be3 Bg7 7. f3 Nc6 8. Qd2
O-O 9. O-O-O d5 10. exd5 Nxd5 11. Nxc6 bxc6 12. Bd4 Bxd4 13. Qxd4 Qb6 14. Na4
Qa5 15. b3 Rb8 16. Qe5 Rb4 17. c4 f6 18. Qe1 Nb6 19. a3 Qg5+ 20. Kc2 Bf5+ 21.
Kc3 Rxa4 22. bxa4 Nxa4+ 23. Kb3 Rb8+ 24. Ka2 Bc2 25. Qe6+ Kh8 26. Be2 Nc3+ 27.
Ka1 Qc5 0-1

[Event "II Magistral Copa Roggio C"]
[Site "?"]
[Date "2009.07.05"]
[Round "7"]
[White "Benitez, Jose"]
[Black "Sartori, Sergio"]
[Result "0-1"]
[WhiteElo "1939"]
[BlackElo "2051"]
[PlyCount "86"]
[EventDate "2009.06.28"]
[SourceDate "2009.07.05"]

1. d4 d6 2. c4 g6 3. Nc3 Bg7 4. e4 Nf6 5. f3 O-O 6. Be3 e5 7. d5 Nh5 8. Qd2 f5
9. Bg5 Qe8 10. Bh6 Nd7 11. Bxg7 Kxg7 12. Nge2 Ndf6 13. O-O-O fxe4 14. Nxe4 Nxe4
15. fxe4 Bd7 16. h3 Qf7 17. g4 Nf4 18. Nxf4 Qxf4 19. Bd3 Qxd2+ 20. Rxd2 Rf4 21.
Kd1 Raf8 22. Ke1 Rf3 23. Kd1 Rxh3 24. Rg1 Rff3 25. Be2 Rf4 26. g5 Rxe4 27. Rf1
Rhh4 28. b4 Rd4 29. Rxd4 Rxd4+ 30. Kc2 Rf4 31. Rxf4 exf4 32. Kd3 Bf5+ 33. Kd4
h6 34. gxh6+ Kxh6 35. a4 g5 36. a5 g4 37. b5 Kg5 38. c5 dxc5+ 39. Kxc5 f3 40.
Bf1 g3 41. b6 axb6+ 42. axb6 cxb6+ 43. Kxb6 g2 0-1

[Event "II Magistral Copa Roggio C"]
[Site "?"]
[Date "2009.07.05"]
[Round "7"]
[White "Lipiniks, Leonardo"]
[Black "Heinichen, John"]
[Result "0-1"]
[WhiteElo "1892"]
[BlackElo "1690"]
[PlyCount "74"]
[EventDate "2009.06.28"]
[SourceDate "2009.07.05"]

1. Nf3 c5 2. e4 e6 3. Be2 Nc6 4. O-O Be7 5. Re1 d6 6. Bf1 Nf6 7. b3 b6 8. Bb2
Bb7 9. g3 Qc7 10. Bg2 O-O-O 11. d4 d5 12. e5 Nd7 13. c3 g5 14. dxc5 bxc5 15.
Na3 a6 16. c4 d4 17. Rc1 g4 18. Nd2 Ndxe5 19. Qe2 Bg5 20. Rcd1 Bxd2 21. Rxd2
Nf3+ 22. Bxf3 gxf3 23. Qe4 h5 24. Qh4 Rdg8 25. Bc1 Ne7 26. Rdd1 Nf5 27. Qf6 h4
28. Qe5 hxg3 29. Qxc7+ Kxc7 30. Bf4+ Kb6 31. b4 Rxh2 32. bxc5+ Ka7 33. c6 Rg2+
34. Kf1 Rxf2+ 35. Kg1 Rg2+ 36. Kf1 Rh8 37. Nb5+ axb5 0-1

[Event "II Magistral Copa Roggio C"]
[Site "?"]
[Date "2009.07.05"]
[Round "7"]
[White "Roman, Rodrigo"]
[Black "Chang, Suzana"]
[Result "1/2-1/2"]
[WhiteElo "1848"]
[BlackElo "2060"]
[PlyCount "72"]
[EventDate "2009.06.28"]
[SourceDate "2009.07.05"]

1. e4 e6 2. d4 d5 3. e5 c5 4. c3 Qb6 5. Nf3 Bd7 6. Be2 Ne7 7. O-O Nbc6 8. dxc5
Qc7 9. b4 Ng6 10. Na3 Ncxe5 11. Nxe5 Qxe5 12. Qc2 Nf4 13. Bxf4 Qxf4 14. c4 Be7
15. cxd5 exd5 16. Qb3 Bf6 17. Rad1 O-O 18. Nc2 Be6 19. Qf3 Qh4 20. g3 Qe4 21.
Qxe4 dxe4 22. b5 Rac8 23. Nd4 Bh3 24. Rfe1 Rxc5 25. Nb3 Rc2 26. a4 Ra2 27. Nc5
Bc3 28. Bc4 Ra3 29. Rxe4 b6 30. Nd7 Bxd7 31. Rxd7 Bf6 32. Rxa7 g6 33. Rb7 Kg7
34. Bd5 Rd3 35. Bc4 Ra3 36. Bd5 Rd3 1/2-1/2

[Event "II Magistral Copa Roggio C"]
[Site "?"]
[Date "2009.07.05"]
[Round "7"]
[White "Florentin, Damaso"]
[Black "Vazquez, Guillermo"]
[Result "0-1"]
[WhiteElo "1939"]
[BlackElo "1837"]
[PlyCount "86"]
[EventDate "2009.06.28"]
[SourceDate "2009.07.05"]

1. d4 Nf6 2. Bg5 d5 3. Nd2 Bf5 4. c3 e6 5. Qb3 b6 6. Ngf3 Bd6 7. Ne5 h6 8. Bh4
g5 9. Bg3 Nh5 10. Qa4+ Kf8 11. Ndf3 Nxg3 12. hxg3 f6 13. g4 Be4 14. Nd3 c5 15.
e3 c4 16. Nc1 a6 17. Nd2 b5 18. Qd1 Bg6 19. Qf3 Kg7 20. e4 e5 21. Ne2 exd4 22.
Nxd4 Qe7 23. Nf5+ Bxf5 24. Qxf5 Bf4 25. O-O-O d4 26. g3 Bd6 27. cxd4 Nc6 28.
Nb1 Rac8 29. Nc3 Qd8 30. Bg2 Ne7 31. Qe6 Bf4+ 32. gxf4 Rc6 33. Qxc6 Nxc6 34. e5
Nb4 35. fxg5 fxe5 36. gxh6+ Rxh6 37. dxe5 Qg5+ 38. Kb1 Rxh1 39. Bxh1 Qxe5 40.
Be4 Qf4 41. f3 Qe3 42. Nd5 Qe2 43. Rc1 Nxd5 0-1

[Event "II Magistral Copa Roggio C"]
[Site "?"]
[Date "2009.07.05"]
[Round "7"]
[White "Rivarola, Paul"]
[Black "Chaves, Nicolas"]
[Result "1/2-1/2"]
[WhiteElo "1560"]
[BlackElo "1650"]
[PlyCount "95"]
[EventDate "2009.06.28"]
[SourceDate "2009.07.05"]

1. d4 d5 2. c4 c6 3. Nc3 Nf6 4. Nf3 e6 5. Bg5 Nbd7 6. e3 Qa5 7. Nd2 Bb4 8. Qc2
Nb6 9. Bxf6 gxf6 10. c5 Nd7 11. a3 Bxc3 12. bxc3 b6 13. cxb6 axb6 14. Bd3 Ba6
15. O-O Bxd3 16. Qxd3 O-O 17. e4 Kh8 18. exd5 Qxd5 19. Qe4 Ra5 20. c4 Qxe4 21.
Nxe4 Rfa8 22. Nd6 Kg7 23. Rfd1 Rxa3 24. Rxa3 Rxa3 25. f3 Ra5 26. Kf2 f5 27. Nb7
Ra7 28. Nd8 Nb8 29. d5 exd5 30. cxd5 c5 31. Rb1 Ra2+ 32. Kg3 Nd7 33. Nb7 Rd2
34. Nd6 Rxd5 35. Nc4 f4+ 36. Kf2 Rh5 37. h3 Rh6 38. Rd1 Nb8 39. Rb1 Nd7 40. Rd1
Nf6 41. Nxb6 Ng4+ 42. fxg4 Rxb6 43. Kf3 Kf6 44. Rc1 Rb3+ 45. Kxf4 Rb4+ 46. Ke3
c4 47. Kd4 Kg5 48. g3 1/2-1/2

[Event "II Magistral Copa Roggio C"]
[Site "?"]
[Date "2009.07.05"]
[Round "7"]
[White "Moreno, Micaela"]
[Black "Alderete, Jazmin"]
[Result "1/2-1/2"]
[WhiteElo "1554"]
[BlackElo "1435"]
[PlyCount "64"]
[EventDate "2009.06.28"]
[SourceDate "2009.07.05"]

1. e4 e5 2. Nf3 d6 3. Bc4 Be7 4. Nc3 Nf6 5. d3 O-O 6. O-O Nc6 7. Be3 Be6 8. Bb3
d5 9. exd5 Nxd5 10. Nxd5 Bxd5 11. Bxd5 Qxd5 12. Qe2 Rfe8 13. Rfe1 Nd4 14. Bxd4
exd4 15. Qe5 Qxe5 16. Rxe5 Bf6 17. Rd5 Rad8 18. Rxd8 Rxd8 19. Re1 Kf8 20. Kf1
Re8 21. Rxe8+ Kxe8 22. Ke2 Ke7 23. Nd2 c5 24. Ne4 b6 25. Kf3 g6 26. Kf4 h6 27.
g3 Ke6 28. Nxf6 Kxf6 29. Ke4 Ke6 30. f4 f5+ 31. Kf3 Kd5 32. g4 Ke6 1/2-1/2

[Event "II Magistral Copa Roggio C"]
[Site "?"]
[Date "2009.07.06"]
[Round "8"]
[White "Heinichen, John"]
[Black "Almiron, Antonio"]
[Result "0-1"]
[WhiteElo "1690"]
[BlackElo "2083"]
[PlyCount "68"]
[EventDate "2009.06.28"]
[SourceDate "2009.07.06"]

1. e4 e6 2. Nf3 c5 3. c3 d5 4. Bb5+ Bd7 5. Qe2 dxe4 6. Bxd7+ Qxd7 7. Qxe4 Nf6
8. Qe2 Nc6 9. Na3 Be7 10. Nc4 O-O 11. Nce5 Nxe5 12. Nxe5 Qd5 13. O-O Rfd8 14.
f4 Rac8 15. d3 b5 16. f5 exf5 17. Rxf5 Qe6 18. Rf2 Bd6 19. Nf3 Qd5 20. Bg5 Re8
21. Qd2 Ng4 22. Re2 Rxe2 23. Qxe2 Nxh2 24. Nxh2 Qxg5 25. Re1 h5 26. Nf3 Qg4 27.
Qf2 Bg3 28. Qe2 Bxe1 29. Qxe1 g6 30. Qe7 a6 31. Qb7 Re8 32. Qxa6 Re2 33. Qa8+
Kg7 34. Nh2 Qg3 0-1

[Event "II Magistral Copa Roggio C"]
[Site "?"]
[Date "2009.07.06"]
[Round "8"]
[White "Perez, Hernan"]
[Black "Sartori, Sergio"]
[Result "0-1"]
[WhiteElo "1971"]
[BlackElo "2051"]
[PlyCount "134"]
[EventDate "2009.06.28"]
[SourceDate "2009.07.06"]

1. d4 d6 2. Nf3 Nf6 3. Bg5 g6 4. Nbd2 Bg7 5. e4 O-O 6. Bd3 Nc6 7. c3 e5 8. O-O
h6 9. Bh4 g5 10. Bg3 Nh5 11. dxe5 Nxg3 12. hxg3 dxe5 13. Nc4 Be6 14. Ne3 Qd7
15. Qe2 Rad8 16. Bc4 g4 17. Nh4 Qd2 18. Rfd1 Qxe2 19. Bxe2 Rxd1+ 20. Rxd1 h5
21. b3 Rd8 22. Rxd8+ Nxd8 23. Nhf5 Bf8 24. f3 gxf3 25. gxf3 a5 26. f4 exf4 27.
gxf4 Bc5 28. Kf1 a4 29. c4 a3 30. Nc2 Nc6 31. Bxh5 Nb4 32. Nxb4 Bxb4 33. Nd4
Bh3+ 34. Ke2 Kg7 35. Bf3 c6 36. Nc2 Bd6 37. e5 Bf8 38. Nd4 Bc5 39. Kd3 Kg6 40.
Be4+ f5 41. Bf3 Bg4 42. Bg2 Bd1 43. Bh3 Bxd4 44. Kxd4 Bxb3 45. Kc3 Bxa2 46. Kb4
Bxc4 47. Kxa3 c5 48. Kb2 b5 49. Bg2 Be6 50. Bf3 Kf7 51. Bc6 b4 52. Ba4 Bd5 53.
Bd7 Be4 54. Kb3 Bd3 55. Bc8 Ke7 56. Bb7 Ke6 57. Bc6 Be4 58. Bb5 Kd5 59. Bd7 Bd3
60. Ba4 Bc4+ 61. Kc2 Ke4 62. Bd7 Kxf4 63. e6 Ke3 64. e7 Bf7 65. Bxf5 c4 66. Bd7
b3+ 67. Kb2 Kd2 0-1

[Event "II Magistral Copa Roggio C"]
[Site "?"]
[Date "2009.07.06"]
[Round "8"]
[White "Benitez, Eduardo"]
[Black "Roman, Rodrigo"]
[Result "1/2-1/2"]
[WhiteElo "1471"]
[BlackElo "1848"]
[PlyCount "101"]
[EventDate "2009.06.28"]
[SourceDate "2009.07.06"]

1. b3 Nf6 2. Bb2 g6 3. f4 d5 4. e3 Bg7 5. Nf3 c5 6. Bb5+ Nbd7 7. O-O O-O 8. a4
a6 9. Be2 b6 10. d3 Bb7 11. h3 b5 12. Nbd2 Ng4 13. Bxg7 Nxe3 14. Qc1 Kxg7 15.
Re1 Nf5 16. Nf1 Kg8 17. g4 Ng7 18. Ng3 Re8 19. f5 Qc8 20. Kf2 e5 21. Qh6 Qc6
22. Nh4 gxf5 23. Nhxf5 Nxf5 24. Nxf5 Qxh6 25. Nxh6+ Kf8 26. Nf5 Re6 27. axb5
axb5 28. Rxa8+ Bxa8 29. Ra1 Bc6 30. Ra7 Nf6 31. g5 Ne8 32. Bg4 e4 33. Bh5 Nd6
34. Nxd6 Rxd6 35. Rxf7+ Kg8 36. dxe4 Be8 37. Rxh7 Kxh7 38. Bxe8 Re6 39. Bxb5
dxe4 40. Ke3 Kg6 41. Bc4 Re7 42. h4 Kh5 43. Bd5 Kxh4 44. g6 Kg5 45. Bxe4 Kf6
46. b4 cxb4 47. Kd4 Rc7 48. Kd5 Rc8 49. Bd3 Rc7 50. Kd4 Rc3 51. Be4 1/2-1/2

[Event "II Magistral Copa Roggio C"]
[Site "?"]
[Date "2009.07.06"]
[Round "8"]
[White "Chang, Suzana"]
[Black "Moreno, Micaela"]
[Result "1-0"]
[WhiteElo "2060"]
[BlackElo "1554"]
[PlyCount "59"]
[EventDate "2009.06.28"]
[SourceDate "2009.07.06"]

1. d4 Nf6 2. c4 g6 3. Nc3 Bg7 4. e4 d6 5. Be2 O-O 6. Nf3 Nbd7 7. O-O e5 8. Re1
Re8 9. Bf1 b6 10. g3 Bb7 11. d5 Qe7 12. Bh3 Rad8 13. Be3 c6 14. b4 h6 15. Qd2
Kh7 16. Rac1 cxd5 17. cxd5 Rc8 18. Qd3 Rc7 19. Nd2 Rec8 20. f3 a6 21. Rc2 b5
22. Rec1 Rb8 23. a4 bxa4 24. Nxa4 Rxc2 25. Rxc2 Rc8 26. Rxc8 Bxc8 27. Qc3 Qd8
28. Qc6 Qf8 29. Nc4 h5 30. Nxd6 1-0